The strategy of Satan: (Record no. 13104)

000 -LEADER
fixed length control field 00624nam a2200193 a 4500
001 - CONTROL NUMBER
control field :::00010922$&:&@@
003 - CONTROL NUMBER IDENTIFIER
control field OkBaRHE
005 - DATE AND TIME OF LATEST TRANSACTION
control field 20000607103404.0
008 - FIXED-LENGTH DATA ELEMENTS--GENERAL INFORMATION
fixed length control field s1987 j 000 0 eng u
040 ## - CATALOGING SOURCE
Transcribing agency
100 1# - MAIN ENTRY--PERSONAL NAME
Personal name Wiersbe, Warren W.
245 14 - TITLE STATEMENT
Title The strategy of Satan:
Remainder of title how to detect and defeat him.
260 ## - PUBLICATION, DISTRIBUTION, ETC. (IMPRINT)
Place of publication, distribution, etc Wheaton, IL., :
Name of publisher, distributor, etc Tyndale House Publishers
Date of publication, distribution, etc 1987
300 ## - PHYSICAL DESCRIPTION
Extent 157 p. : illus. ;
Dimensions 18 cm.
650 ## - SUBJECT ADDED ENTRY--TOPICAL TERM
Topical term or geographic name as entry element Satan
650 ## - SUBJECT ADDED ENTRY--TOPICAL TERM
Topical term or geographic name as entry element Spiritual Life
General subdivision Baptist Authors
942 ## - ADDED ENTRY ELEMENTS (KOHA)
Source of classification or shelving scheme
Koha item type Books
Copies
Lost status Source of classification or shelving scheme Barcode Withdrawn status Price effective from Date acquired Shelving location Copy number Date last seen Damaged status Koha item type Not for loan Permanent Location Full call number
  10922 2010-04-142010-04-14General Stacks12010-04-14 Books RHEMA Bible Training CollegeBV 4501.2 .W5186